Návrh riešení dôchodkovej krízy ako sporiť dostatočne, efektívne a rozumne

V súvislosti s problematikou dôchodkovej krízy vydala Insurance Europe publikáciu s názvom "Blueprint for Pensions: Saving enough, saving well, saving wisely", ktorej cieľom je zvýšiť povedomie verejnosti o potrebe dostatočného zabezpečenia na dôchodok a najmä zdôrazniť potrebu súkromného financovan...

Descripción completa

Guardado en:
Detalles Bibliográficos
Autor principal: Jurkovičová, Monika
Formato: Capítulo de libro
Lenguaje:eslovaco
Materias:
Etiquetas: Agregar Etiqueta
Sin Etiquetas, Sea el primero en etiquetar este registro!

MARC

LEADER 00000naa a2200000 4500
001 0234921
005 20231204141152.2
041 0 |a slo 
044 |a SK 
245 1 0 |a Návrh riešení dôchodkovej krízy  |b ako sporiť dostatočne, efektívne a rozumne  |c Monika Jurkovičová 
500 |a Anglická verzia článku s. 12 
520 |a V súvislosti s problematikou dôchodkovej krízy vydala Insurance Europe publikáciu s názvom "Blueprint for Pensions: Saving enough, saving well, saving wisely", ktorej cieľom je zvýšiť povedomie verejnosti o potrebe dostatočného zabezpečenia na dôchodok a najmä zdôrazniť potrebu súkromného financovania dôchodku. 
610 2 0 |a Európa 
610 2 0 |a systémy dôchodkové 
610 2 0 |a sporenie dôchodkové 
610 2 0 |a poistenie dôchodkové 
610 2 0 |a poisťovne dôchodkové doplnkové 
610 2 0 |a dôchodky 
610 2 0 |a kríza 
100 1 |a Jurkovičová, Monika